000 01449cam a22003854a 4500
001 000014514
005 20200929163849.0
008 030522s2003 nyua b 001 0 eng d
010 _a2003053936
020 _a3540401075
040 _aDO-SdBNP
_bBNPHU
_cDLC
042 _apcc
082 _aXXX
_bS446e
245 0 0 _aSecurity and environment in the Mediterranean :
_bconceptualising security and environmental conflicts /
_cHans Gunter Brauch ... [et al.] ; prólogo de Lord Robertson, Amre Moussa... [et al.].
260 _aNew York :
_bSpringer,
_c2003.
300 _axxvi, 1134 p. :
_bil. ;
_c29 cm.
490 1 _aCollection Strademed ;
_v16
504 _aIncluye referencias bibliográficas y notas al pie de las páginas
650 4 _aSeguridad nacional
_932794
651 4 _aPaises Mediterraneos
_932795
700 1 _aBrauch, Hans Gunter,
_d1947-
_eed.
_932796
700 1 _aLiotta, P.H.,
_eed.
_932797
700 1 _aMarquina, Antonio,
_eed.
_932798
700 1 _aRoger, Paul F.,
_eed.
_932799
700 1 _aEl-Sayed Selim, Mohammad,
_eed.
_932800
700 1 _aRobertson, Lord,
_epról.
_932801
700 1 _aMoussa, Amre,
_epról.
_932802
700 1 _aAbu Jaber, Kamel S.,
_epról.
_932803
700 1 _atickell, Crispin,
_epról.
_932804
700 1 _aDean, Jonathan,
_epról.
_932805
700 1 _aYassin, Sayed,
_epról.
_932806
830 0 _aCollection Strademed ;
_v16
_932807
910 _aCatalogación derivada
049 _aBNGR
999 _c14103
_d14103